College Quizbowl Stats
College Quizbowl Stats
Circuits
Seasons
Sets
Records
Detailed Stats
About
Loading...
2024 Penn Bowl UNC
Tossups
Bonuses
Players
Teams
Categories (Tossup)
Categories (Bonus)
Ilyas Choukri
Virginia Tech A
Categories
Category
Powers
Gets
Negs
BBs
Points
Earliest Buzz
Avg. Buzz
First Buzzes
Top 3 Buzzes
Science - Chemistry
1
2
0
1
35
50
83.00
2
3
Science - Biology
0
3
1
2
25
106
115.67
0
3
Mythology
1
0
0
0
15
60
60.00
1
1
Religion
0
0
1
0
-5
0.00
0
0
Buzzes
Category
Answer
Value
Buzz Position
Science - Chemistry
Wittig reaction
15
50
Mythology
New Orleans
15
60
Science - Chemistry
esters
10
81
Religion
iftar
-5
100
Science - Biology
palm trees
-5
101
Science - Biology
microtubules
10
106
Science - Chemistry
titanium
10
118
Science - Biology
infectious mononucleosis
10
120
Science - Biology
nuclear transport
10
121
Previous
1
Next